000 00726nam a2200229 i 4500
001 87387
003 ES-MaACL
005 20250905165401.0
007 t|
008 041221s1947 ag |||| |bspa d
080 _a929 Johnson, Samuel
100 1 _aKrutch, Joseph Wood.
_968925
245 1 0 _aSamuel Johnson /
_cJoseph Wood Krutch ; traducción de Mariano de Alarcón.
260 _aBuenos Aires :
_bEditorial Sudamericana,
_c[1947] (
_fCompañía Impresora Argentina)
300 _a701 p. ;
_c22 cm.
490 1 _aBiografías
600 1 7 _aJohnson, Samuel,
_d1709-1784
_2
_9137503
700 1 _aAlarcón, Mariano de.
_919133
830 0 _aBiografías
_9180531
852 _aES-MaACL
_jC-5527
999 _c87387
_d87387